<?xml version="1.0" encoding="UTF-8"?>
<record
    xmlns:xsi="http://www.w3.org/2001/XMLSchema-instance"
    xsi:schemaLocation="http://www.loc.gov/MARC21/slim http://www.loc.gov/standards/marcxml/schema/MARC21slim.xsd"
    xmlns="http://www.loc.gov/MARC21/slim">

  <leader>01099nam a22002537a 4500</leader>
  <controlfield tag="005">20170123164202.0</controlfield>
  <datafield tag="010" ind1=" " ind2=" ">
    <subfield code="a">A-773095</subfield>
  </datafield>
  <datafield tag="020" ind1=" " ind2=" ">
    <subfield code="c">65.00</subfield>
    <subfield code="a">8173801452</subfield>
  </datafield>
  <datafield tag="035" ind1=" " ind2=" ">
    <subfield code="a">A-773095</subfield>
  </datafield>
  <datafield tag="037" ind1=" " ind2=" ">
    <subfield code="a">Cen Lib / Ret</subfield>
  </datafield>
  <datafield tag="040" ind1=" " ind2=" ">
    <subfield code="a">DPL</subfield>
    <subfield code="b">PN</subfield>
  </datafield>
  <datafield tag="082" ind1=" " ind2=" ">
    <subfield code="a">850.92</subfield>
    <subfield code="b">&#xA28;&#xA30;&#xA42;&#xA32;&#xA3E;</subfield>
  </datafield>
  <datafield tag="100" ind1=" " ind2=" ">
    <subfield code="a">&#xA28;&#xA30;&#xA42;&#xA32;&#xA3E;, &#xA38;&#xA41;&#xA30;&#xA3F;&#xA70;&#xA26;&#xA30; &#xA38;&#xA3F;&#xA70;&#xA18;  </subfield>
    <subfield code="9">135210</subfield>
  </datafield>
  <datafield tag="245" ind1=" " ind2=" ">
    <subfield code="a">&#xA38;&#xA3E;&#xA39;&#xA3F;&#xA24;&#xA15; &#xA38;&#xA35;&#xA48;&#xA1C;&#xA40;&#xA35;&#xA28;&#xA40; /</subfield>
    <subfield code="c">&#xA38;&#xA41;&#xA30;&#xA3F;&#xA70;&#xA26;&#xA30; &#xA38;&#xA3F;&#xA70;&#xA18; &#xA28;&#xA30;&#xA42;&#xA32;&#xA3E; </subfield>
  </datafield>
  <datafield tag="246" ind1=" " ind2=" ">
    <subfield code="a">Sahitik swe-jeevani /</subfield>
    <subfield code="b">by Surinder Singh Narula </subfield>
  </datafield>
  <datafield tag="260" ind1=" " ind2=" ">
    <subfield code="a">&#xA2A;&#xA1F;&#xA3F;&#xA06;&#xA32;&#xA3E;</subfield>
    <subfield code="b">&#xA2A;&#xA2C;&#xA32;&#xA40;&#xA15;&#xA47;&#xA38;&#xA3C;&#xA28; &#xA2C;&#xA3F;&#xA0A;&#xA30;&#xA4B;, &#xA2A;&#xA70;&#xA1C;&#xA3E;&#xA2C;&#xA40; &#xA2F;&#xA42;&#xA28;&#xA40;&#xA35;&#xA30;&#xA38;&#xA3F;&#xA1F;&#xA40;</subfield>
    <subfield code="c">1995</subfield>
  </datafield>
  <datafield tag="270" ind1=" " ind2=" ">
    <subfield code="b">&#xA2A;&#xA1F;&#xA3F;&#xA06;&#xA32;&#xA3E;</subfield>
  </datafield>
  <datafield tag="300" ind1=" " ind2=" ">
    <subfield code="a">92p.</subfield>
    <subfield code="c">22cm(Hb)</subfield>
  </datafield>
  <datafield tag="650" ind1=" " ind2=" ">
    <subfield code="a">Narula, Surinder Singh, -- 1917-</subfield>
    <subfield code="9">133598</subfield>
  </datafield>
  <datafield tag="650" ind1=" " ind2=" ">
    <subfield code="a">Authors, Panjabi -- 20th century -- Biography.</subfield>
    <subfield code="9">111460</subfield>
  </datafield>
  <datafield tag="650" ind1=" " ind2=" ">
    <subfield code="a">&#xA32;&#xA47;&#xA16;&#xA15;, &#xA2A;&#xA70;&#xA1C;&#xA3E;&#xA2C;&#xA40; - 20 &#xA38;&#xA26;&#xA40; - &#xA1C;&#xA40;&#xA35;&#xA28;&#xA40;.</subfield>
    <subfield code="9">132062</subfield>
  </datafield>
  <datafield tag="650" ind1=" " ind2=" ">
    <subfield code="a">&#xA28;&#xA30;&#xA42;&#xA32;&#xA3E;, &#xA38;&#xA41;&#xA30;&#xA3F;&#xA70;&#xA26;&#xA30; &#xA38;&#xA3F;&#xA70;&#xA18; - 1 917-</subfield>
    <subfield code="9">133599</subfield>
  </datafield>
  <datafield tag="942" ind1=" " ind2=" ">
    <subfield code="2">ddc</subfield>
    <subfield code="c">PN</subfield>
    <subfield code="h">850.92</subfield>
    <subfield code="m">&#xA28;&#xA30;&#xA42;&#xA32;&#xA3E;</subfield>
  </datafield>
  <datafield tag="999" ind1=" " ind2=" ">
    <subfield code="c">111139</subfield>
    <subfield code="d">111139</subfield>
  </datafield>
  <datafield tag="952" ind1=" " ind2=" ">
    <subfield code="0">0</subfield>
    <subfield code="1">0</subfield>
    <subfield code="4">0</subfield>
    <subfield code="7">0</subfield>
    <subfield code="a">L</subfield>
    <subfield code="b">L</subfield>
    <subfield code="d">2016-02-13</subfield>
    <subfield code="e">Cen Lib/Ret</subfield>
    <subfield code="g">65.00</subfield>
    <subfield code="l">0</subfield>
    <subfield code="o">850.92 &#xA28;&#xA30;&#xA42;&#xA32;&#xA3E;</subfield>
    <subfield code="p">A-773095</subfield>
    <subfield code="r">2016-02-13 00:00:00</subfield>
    <subfield code="t">1</subfield>
    <subfield code="v">65.00</subfield>
    <subfield code="w">2016-02-13</subfield>
    <subfield code="y">PN</subfield>
  </datafield>
</record>
